000
00260nam a22001217a 4500
008
170511b xxu||||| |||| 00| 0 eng d
041
_a
eng
080
_2
6TH
_a
331
100
_a
15
101
_a
SHJ
245
_a
LABOR RELATIONS
_c
SMITH, R.A
942
_2
udc
_c
BK
999
_c
13227
_d
13227